Modern-Day Cities Lewis and Clark Went Through - Statistics

General Stats
  • This quiz has been taken 157 times
  • The average score is 7 of 12
Answer Stats
Population State City % Correct
2,803,228 Missouri* St. Louis
94%
2,492,412 Oregon* Portland
93%
2,157,990 Missouri* Kansas City
90%
949,442 Nebraska* Omaha
86%
128,949 North Dakota Bismark
69%
181,667 Montana Billings
66%
151,235 Missouri Jefferson City
53%
119,600 Montana Missoula
45%
144,701 Iowa* Sioux City
42%
208,173 Missouri Columbia
37%
299,612 Washington Kennewick-Richland
28%
125,223 Missouri* St Joseph
23%
No matching quizzes found
Score Distribution
Percent of People with Each Score
Percentile by Number Answered
Your Score History
You have not taken this quiz